000 00774nam a2200241 a 4500
001 77747
003 BD-RjUL
005 20211209083022.0
008 210105s19781972cg ||||| |||| 00| 0 eng d
035 _a(BD-RjUL)77973
040 _aBD-RjUL
_beng
_cBD-RjUL
041 _aeng
082 _219
_a500.971
_bKNN 1978
100 _aPercy Knauth; Time-Life Books.
_9243262
245 _aThe north woods /
_cPercy Knauth; Time-Life Books.
260 _aAlexandria, Va. :
_bTime-Life Books,
_c ©1972. [1978}
300 _a184 pages :
_b illustrations (some color) ;
_c27 cm
490 _aAmerican wilderness.
650 _aNatural history
_zCanada.
_9243263
650 _aForest ecology
_zCanada.
_9243264
650 _aNatural history
_zMinnesota.
_9243265
942 _2ddc
_cBK
999 _c77747
_d77747